| 000 | 00633nam a22001937a 4500 | ||
|---|---|---|---|
| 005 | 20140224143035.0 | ||
| 010 | _aENG-108746 | ||
| 020 |
_c575.00 _a9788192426556 |
||
| 035 | _aEN-92279 | ||
| 037 | _bDBAD/PUB | ||
| 082 | _a305.56880954 | ||
| 100 | _aDas, A.K. | ||
| 245 |
_aSchedule caste in Indian society / _cby A.K. Das |
||
| 260 |
_aNew Delhi _bGaurav Book Distributors _c2013 |
||
| 270 |
_aH No. 45,Ground floor, Shivaji Marg, Gali No. 5, Kartar Nagar _bDelhi _e110053 |
||
| 300 |
_aviii,184p. _c22cm(Hb) |
||
| 500 | _aIncludes bibliographical references and lndex | ||
| 942 |
_2ddc _cEN _mDAS _h305.56880954 |
||
| 999 |
_c81080 _d81080 |
||